| 000 | 01149nam a22004210a 4500 | ||
|---|---|---|---|
| 001 | PT61720 | ||
| 003 | AR-LpoUNG | ||
| 005 | 20260120160236.0 | ||
| 008 | 201001s2019||||ag |||||||||||||||||spa d | ||
| 020 |
_a9789876304122 _c$29 |
||
| 040 |
_aAR-LpoUNG _bspa _eaacr |
||
| 041 | _aspa | ||
| 044 | _aag | ||
| 082 | 0 | _a320.092 646jos | |
| 100 | 1 | _aBlejmar, Julián | |
| 245 | 1 | 0 |
_aJosé Ber Gelbard : _bla patria desde el boliche |
| 250 | _a1ra. ed. | ||
| 260 |
_aLos Polvorines : _bUniversidad Nacional de General Sarmiento, _c2019. |
||
| 300 |
_a62 p. : _btbls., gráfs., fot. |
||
| 490 | 0 | _aPensadores de América Latina | |
| 650 | 4 | _aAMERICA LATINA | |
| 650 | 4 | _aANALISIS SOCIOLOGICO | |
| 650 | 4 | _aARGENTINA | |
| 650 | 4 | _aBIOGRAFIAS | |
| 650 | 4 | _aCOMUNISMO | |
| 650 | 4 | _aDEPENDENCIA ECONOMICA | |
| 650 | 4 | _aECONOMIA | |
| 650 | 4 | _aIDEOLOGIAS POLITICAS | |
| 650 | 4 | _aINTELECTUALES | |
| 650 | 4 | _aMODELOS ECONOMICOS | |
| 650 | 4 | _aSOCIALISMO | |
| 650 | 4 | _aPERONISMO | |
| 653 | 0 | _aPENSAMIENTO LATINOAMERICANO | |
| 700 | 1 |
_aFal, Juan _eint. |
|
| 700 | 1 |
_aYabkowsky, Nuria _eint. |
|
| 905 | _a61720 | ||
| 942 |
_cLIB _2ddc |
||
| 999 |
_c51662 _d51662 |
||